[Event "Unterfranken-ch HA 48th"]
[Site "Bergrheinfeld"]
[Date "1997.??.??"]
[Round "2"]
[White "Geuder, Georg"]
[Black "Mangold, Stefan"]
[Result "0-1"]
[WhiteElo "1095"]
[BlackElo "1502"]
[PlyCount "106"]
[EventDate "1997.03.31"]
[EventType "swiss"]
[EventRounds "9"]
[EventCountry "GER"]
[SourceTitle "EXT 2015"]
[Source "ChessBase"]
[SourceDate "2014.11.20"]
[SourceVersion "1"]
[SourceVersionDate "2014.11.20"]
[SourceQuality "1"]

1. e4 e5 2. Nf3 d6 3. Bc4 h6 4. d3 Nf6 5. Nc3 c6 6. 0-0 a5 7. h3 b5 8. Bb3 a4 9. Bxf7+ Kxf7 10. a3 Be6 11. d4 Bc4 12. Re1 Nbd7 13. dxe5 dxe5 14. b3 axb3 15. cxb3 Be6 16. Bb2 Qc7 17. Qd2 Be7 18. Red1 Rhd8 19. Qc2 Nc5 20. Nd2 Rd7 21. b4 Na4 22. Nxa4 Rxa4 23. Nf3 Rxd1+ 24. Rxd1 Nd7 25. Rd2 Bf6 26. Qd1 Ke7 27. Ne1 Nb6 28. Bc1 Nc4 29. Rd3 Nd6 30. f4 Nxe4 31. fxe5 Bxe5 32. Nf3 Bf6 33. Qc2 Ra8 34. Nd4 Bxd4+ 35. Rxd4 Nd6 36. Qh7 Nf5 37. Re4 Qb6+ 38. Kh1 Ng3+ 39. Kh2 Nxe4 40. Qxe4 Rf8 41. Be3 Qc7+ 42. g3 Rf6 43. Bf4 Qd7 44. Qe3 Kf7 45. g4 g5 46. Be5 Rg6 47. Qf2+ Ke7 48. Qc5+ Ke8 49. Qb6 Qd2+ 50. Kg3 Qe1+ 51. Kh2 Qxe5+ 52. Kg1 Qg3+ 53. Kf1 Bc4# 0-1